Reflexiones jurd̕icas contemporǹeas Libro Homenaje al Doctor Pedro Lp̤ez Ro̕s

Detalles Bibliográficos
Autor principal: Rendn̤ Huerta Barrera, Teresita
Otros Autores: Soriano Flores, Jos ̌Jess︢
Formato: Libro
Lenguaje:español
Publicado: Mx̌ico Universidad de Guanajuato 2015
Materias:
Acceso en línea:Acceso restringido

MARC

LEADER 00000nam a22000007a 4500
005 20151022125113.0
007 cr|||| ||u|
008 151022s2015 mx |||||||||| 00||0 spa d
020 |a 978-607-441-336-6 
035 |a 978-607-441-336-6 
040 |a vLex 
090 |c 5616  |d 5616 
100 1 |a Rendn̤ Huerta Barrera, Teresita  
245 1 0 |a Reflexiones jurd̕icas contemporǹeas  |h [Recurso electrn̤ico] /  |b Libro Homenaje al Doctor Pedro Lp̤ez Ro̕s  |c Teresita Rendn̤ Huerta Barrera 
256 |a Servicio en ln̕ea  
260 |a Mx̌ico  |b Universidad de Guanajuato  |c 2015 
300 |a 1 Recurso electrn̤ico  
506 1 |a Contenido solo disponible en los productos indicados  |d vLex Global  |d vLex Global (Academic Edition, excluding Law Schools)  |d vLex Global (U.S. Academic Edition, Law Schools)  |d vLex Global (U.S. Academic Edition, excluding Law Schools)  |d vLex Global (Academic Edition, Law Schools) 
650 0 4 |a Derecho  |z Mx̌ico 
700 1 |a Soriano Flores, Jos ̌Jess︢  
740 0 |a vLex libros (servicio en ln̕ea) 
856 4 0 |u http://vlex.com/source/reflexiones-juridicas-contemporaneas-libro-homenaje-al-doctor-pedro-lopez-rios-12898  |z Acceso restringido 
942 |c BOOK 
999 0 |a Law